Hoài Thanh toàn tập : t.IV /

שמור ב:
מידע ביבליוגרפי
מחבר ראשי: Hoài Thanh
פורמט: Sách giấy
שפה:Vietnamese
יצא לאור: H. : Văn học, 1999
תגים: הוספת תג
אין תגיות, היה/י הראשונ/ה לתייג את הרשומה!
Thư viện lưu trữ: Thư viện Trường Đại học Đà Lạt
LEADER 00542nam a2200241 4500
001 DLU020015144
005 ##20000730
020 # # |a 978- 
041 # # |a vie 
082 # # |a 895.922 809  |b HO-T 
100 # # |a Hoài Thanh 
245 # # |a Hoài Thanh toàn tập :  |b t.IV /  |c Hoài Thanh 
260 # # |a H. :  |b Văn học,  |c 1999 
300 # # |a 1258 tr.;   |c 21 cm. 
992 # # |a 115000 
994 # # |a DLU 
900 # # |a False 
911 # # |a Administrator 
925 # # |a G 
926 # # |a A 
927 # # |a SH 
980 # # |a Thư viện Trường Đại học Đà Lạt